000 00355 a2200157 4500
001 76020
020 _a978-85-7675-140-3
040 _cAnchieta - Colégio São Paulo
100 _aBinder, Hannes
240 1 0 _aIrmãos pretos
_lpor
245 1 0 _aIrmãos pretos
300 _a143
362 0 _a2016
650 4 _aLiteratura infanto-juvenil
942 _cBK
999 _c76020
_d76020